00421 a2200109 4500001001000000005001700010008004100027245008500068100002100153773012000174999001700294ART_3026120260410161918.0260409a 10aEl impacto de los cambios regulatorios en la re-emisión de estados financieros1 aCanetti, Marcelo0 tDocumentos de trabajo de contabilidad, auditoría y responsabilidad socialg- Año 4, Nº 7 (jun. 2014)wREV14385 c27464d27464